Egy történelmi dráma és utóélete

Elmentve itt :
Bibliográfiai részletek
Szerző: BAKÓ Botond
Adatforrás:Meister
Forrásdokumentuma:Művelődés. -
12 sz., 1998, 4-6 p.
Nyelv:magyar
Kulcsszavak:művelődéstörténet
kulturális intézmények
oktatási intézmények
Nagyenyed
MISZTÓTFALUSI KIS Miklós
Bethlen Gábor Kollégium (Nagyenyed)
LEADER 00542nab a2200181 i 4500
001 bibPRO00001586
008 060524s1998 xx hun
040 |a Sz1 
041 |a hun 
100 1 |a BAKÓ Botond 
245 1 4 |a Egy történelmi dráma és utóélete  |c BAKÓ Botond 
695 |a művelődéstörténet 
695 |a kulturális intézmények 
695 |a oktatási intézmények 
695 |a Nagyenyed 
695 |a MISZTÓTFALUSI KIS Miklós 
695 |a Bethlen Gábor Kollégium (Nagyenyed) 
773 0 |t Művelődés. -  |g 12 sz., 1998, 4-6 p.